[Event "Lippe Cup-B 07th"]
[Site "Lieme"]
[Date "2010.10.17"]
[Round "5"]
[White "Holtmann, Dieter"]
[Black "Preuss, Thorsten"]
[Result "0-1"]
[WhiteElo "1085"]
[BlackElo "1213"]
[PlyCount "70"]
[EventDate "2010.10.15"]
[EventType "swiss"]
[EventRounds "5"]
[EventCountry "GER"]
[SourceTitle "EXT 2012"]
[Source "ChessBase"]
[SourceDate "2011.11.24"]
[SourceVersion "1"]
[SourceVersionDate "2011.11.24"]
[SourceQuality "1"]

1. e4 e5 2. Nf3 Nf6 3. d4 Nxe4 4. dxe5 Nc6 5. c3 d6 6. Bf4 dxe5 7. Qxd8+ Kxd8 8. Nxe5 Nxe5 9. Bxe5 f6 10. Bd4 Be6 11. f3 Nd6 12. Nd2 Kd7 13. 0-0-0 Nf5 14. Bf2 Rd8 15. g4 Nd6 16. Ne4 Kc8 17. Nxd6+ Bxd6 18. Kb1 Bxh2 19. Rxd8+ Rxd8 20. Rxh2 Rd1+ 21. Kc2 Rxf1 22. b3 b6 23. Kd2 Ra1 24. Ke3 Rxa2 25. b4 Rc2 26. Kd3 Rb2 27. Rg2 Bd5 28. Ke3 Kd7 29. Rg1 Rc2 30. Be1 Kc6 31. Bd2 Bxf3 32. Kd3 Ra2 33. Rb1 b5 34. Be3 Kd5 35. Rc1 Be4# 0-1